000
00254nam a2200109Ia 4500
999
_c
6554
_d
6554
020
_a
978-0201543292
100
_a
Date, Kannan
245
3
_a
An Introduction To Database Systems
260
_a
India
_b
Dorling Kindersley
_c
2006
300
_a
931
942
_c
BK